Central Library OPAC University of Rajshahi

South Asia : (Record no. 25980)

MARC details
000 -LEADER
fixed length control field 00645nam a2200229 a 4500
001 - CONTROL NUMBER
control field 25980
003 - CONTROL NUMBER IDENTIFIER
rucl marc code BD-RjUL
005 - DATE AND TIME OF LATEST TRANSACTION
control field 20211209050944.0
008 - FIXED-LENGTH DATA ELEMENTS--GENERAL INFORMATION
fixed length control field 140319s1966 vraabf b 00110 eng d
035 ## - SYSTEM CONTROL NUMBER
System control number (BD-RjUL)26050
040 ## - CATALOGING SOURCE
Original cataloging agency SCAE
Transcribing agency SCAE
Language of cataloging eng
Modifying agency BD-RjUL
041 ## - LANGUAGE CODE
Language code of text/sound track or separate title eng
082 00 - DEWEY DECIMAL CLASSIFICATION NUMBER
Classification number 954
Edition number 19
Author mark and year TIS 1966
100 1# - MAIN ENTRY--PERSONAL NAME
Personal name Tinker, Hugh.
9 (RLIN) 79688
245 10 - TITLE STATEMENT
Title South Asia :
Remainder of title a short history /
Statement of responsibility, etc. Hugh Tinker.
260 ## - PUBLICATION, DISTRIBUTION, ETC. (IMPRINT)
Place of publication, distribution, etc. London :
Name of publisher, distributor, etc. P. M. Press,
Date of publication, distribution, etc. c1966.
300 ## - PHYSICAL DESCRIPTION
Pagination 287 p., [8] p. of plates :
Illustrations ill., maps ;
Size 23 cm.
504 ## - BIBLIOGRAPHY, ETC. NOTE
Bibliography, etc Bibliography: p. 267-272.
Bibliography, etc Includes index.
651 #0 - SUBJECT ADDED ENTRY--GEOGRAPHIC NAME
Geographic name South Asia.
9 (RLIN) 79832
942 ## - ADDED ENTRY ELEMENTS (KOHA)
Source of classification or shelving scheme Dewey Decimal Classification
Koha item type Books
Holdings
Lost status Source of classification or shelving scheme Damaged status Not for loan Collection code Permanent Location Current Location Shelving location Date acquired Source of acquisition Cost, normal purchase price Total Checkouts Full call number Date last seen Copy number Koha item type
  Dewey Decimal Classification     Non-fiction Central Library, University of Rajshahi Central Library, University of Rajshahi   06/12/1967 Ideal Lib. 37.80   954 TIS 1966 19/03/2014 C-2 Books
  Dewey Decimal Classification     Non-fiction Central Library, University of Rajshahi Central Library, University of Rajshahi   20/03/1968 Paramount book corporation 31.50   954 TIS 1966 20/03/2014 C-3 Books
  Dewey Decimal Classification     Non-fiction Central Library, University of Rajshahi Central Library, University of Rajshahi   20/03/1968 Paramount book corporation 31.50   954 TIS 1966 20/03/2014 C-4 Books
  Dewey Decimal Classification     Non-fiction Central Library, University of Rajshahi Central Library, University of Rajshahi   12/08/1972 Paramount book corporation 46.20   954 TIS 1966 20/03/2014 C-10 Books
  Dewey Decimal Classification   Added to bundle Non-fiction Central Library, University of Rajshahi Central Library, University of Rajshahi Documentation Section 20/03/1968 Paramount book cor. 30.50   954 TIS 1966 23/03/2014 C-1 Books
  Dewey Decimal Classification     Non-fiction Central Library, University of Rajshahi Central Library, University of Rajshahi   24/10/1970 Sweets & Zeitlinger 23.00   954 TIS 1966 23/03/2014 C-7 Books
  Dewey Decimal Classification     Non-fiction Central Library, University of Rajshahi Central Library, University of Rajshahi   29/10/1970 Sweets & Zeitlinger 23.00   954 TIS 1966 23/03/2014 C-5 Books